Dogmática de los delitos de omisión

Salvato in:
Dettagli Bibliografici
Autore principale: Kaufmann, Armin (Autore)
Natura: Libro
Lingua:spagnolo
Pubblicazione: Madrid Marcial Pons 2006
Madrid Ediciones Jurídicas y Sociales 2006
Edizione:1a. ed
Soggetti:
Tags: Aggiungi Tag
Nessun Tag, puoi essere il primo ad aggiungerne!!

MARC

LEADER 00000cam a2200000 a 4500
001 UCE4481
003 CL-VaPUC
008 141023e20060000sp |||||||||||||||||spa|d
020 |a 849768310 
082 0 4 |a 364.01  |b KAU  |2 21 
100 |a Kaufmann, Armin  |e author  |9 577053 
245 1 0 |a Dogmática de los delitos de omisión 
250 |a 1a. ed 
300 |a 333 p 
942 |c BK 
945 |d 20141023 15:21:00  |a arojas 
260 |a Madrid  |b Marcial Pons  |c 2006 
260 |a Madrid  |b Ediciones Jurídicas y Sociales  |c 2006 
650 0 |a Dogmática jurídica  |9 337910 
650 0 |a Delitos de omisión  |9 524669 
650 0 |a Teoría del delito  |9 258906 
650 0 |a Bien jurídico protegido   |9 385533 
650 7 |a PENALIDAD  |2 CL-VaPUC  |9 391256 
583 |a last modification  |c 20141023 15:21:00  |k Rodrigo Vera 
999 |c 357430  |d 357428 
952 |0 0  |1 0  |3 erb  |4 0  |6 364_010000000000000_KAU_2006_2006  |7 0  |8 A  |9 465406  |a BIBDER  |b BIBDER  |i 5121442  |l 7  |m 1  |o 364.01 KAU 2006 2006  |p 5121442  |r 2024-12-19  |s 2024-12-11  |w 2019-11-23  |y BK  |z Catalogado en:20141023  |k DER